000 00564nam a2200205Ia 4500
005 20250923150157.0
008 008 250917s9999 xx 000 0 eng d
037 _aTextual
040 _aDSWL
_beng
_cDSWL
041 _aeng
_2eng
084 _qDSWL
100 _aIvekovic, Rada
_9843087
245 0 _aCaptive gender : Ethnic stero types & cultural boundaries
_cby Rada Ivekovic
260 _aNew Delhi
_b Women Unlimited
_c2005
300 _a103 p.
365 _aINR
_b200 .0
925 _g200 .0
942 _cTEXL
999 _c1460463
_d1460463